000 02698nam0a2200409 4500
001 RU\NLR\BIBL_A\011653205
005 20250626103742.0
020 _aRU
_b12705
_9Сводный каталог листовок первых лет Советской власти (25 октября (7 ноября) 1917 - 1925) Т.4 (Ч.3). Листовки советских, партийных, профсоюзных, комсомольских и других организаций губерний РСФСР
035 _a(NLR Aleph) 011653205
090 _a11139857
_c11139857
100 _a20180307d1920 |||y0rusy50 ca
101 0 _arus
102 _aRU
105 _ay z 000zy
135 _acrcn 024anaba
200 1 _aПриказ Тихвинского уездного комитета по проведению всеобщей трудовой повинности № 4, 20 марта 1920 г. г. Тихвин: [О мобилизации плотников
_eлистовка]
210 _aТихвин
_cСов. тип.
_d[1920, март]
215 _a1 с.
_d35х13
300 _aПодписи: председатель Тихвинского уездного комитета по проведению трудовой повинности А. Спирро; члены Кольцов, М. Якобсон
325 _aКопия доступна в электронной библиотеке РНБ
517 1 _aО мобилизации плотников
607 _aРСФСР
_jЛистовки
_xПолитика и управление
_y1917 - 1925
_92312782
_3RU\NLR\auth\6601609564
686 0 _aТ3(2)71-313,011
686 0 _aТ3(2Р-7Чер)712-313,011
702 1 _4720
_aСпирро
_bА.
_cучастник установления советской власти, г. Тихвин
_9194752
_3RU\NLR\AUTH\770194803
702 1 _4720
_aКольцов
_cучастник установления советской власти, г. Тихвин
_9194412
_3RU\NLR\AUTH\770194463
702 1 _4720
_aЯкобсон
_bМ.
_cучастник установления советской власти, г. Тихвин
_9192190
_3RU\NLR\AUTH\770192241
710 0 2 _aТихвинский уездный комитет по проведению всеобщей трудовой повинности
_9597097
_3RU\NLR\AUTH\880467587
852 0 0 _aNLR
_bФЛ
_j62/103
942 _cBOOK
980 _aNB
981 2 1 _a(21) Листовки
_b(21) Листовки 1920 года